|
|
|
|
| LEADER |
00000nas a2200000 a 4500 |
| 001 |
ssj0003162 |
| 003 |
WaSeSS |
| 005 |
20200512172242.0 |
| 006 |
m d |
| 007 |
cr n |
| 008 |
860610c19869999caubr p s 0 a0eng c |
| 010 |
|
|
|a sn 86001662
|
| 016 |
7 |
|
|a 9426056
|2 DNLM
|
| 016 |
7 |
|
|a SR0068531
|2 DNLM
|
| 022 |
|
|
|l 0888-7330
|y 0888-7330
|
| 032 |
|
|
|a 004615
|b USPS
|
| 035 |
|
|
|a (WaSeSS)ssj0003162
|
| 040 |
|
|
|a NSD
|b eng
|c NSD
|d OCL
|d NSD
|d NLM
|d CDS
|d OCLCQ
|d OCLCF
|d OCLCQ
|d OCLCO
|d OCLCQ
|d OCLCO
|d CUS
|d WaSeSS
|
| 042 |
|
|
|a nsdp
|a pcc
|
| 050 |
|
4 |
|a R733
|b .H43
|
| 060 |
0 |
0 |
|a W1
|b HE604S
|
| 082 |
1 |
0 |
|a 613
|2 11
|
| 210 |
0 |
|
|a Health world
|
| 222 |
|
0 |
|a Health world
|
| 245 |
0 |
0 |
|a Health world
|h [electronic resource].
|
| 246 |
3 |
|
|a New Editions, health world
|
| 246 |
1 |
7 |
|a New Editions, healthworld
|
| 260 |
|
|
|a [San Francisco, CA] :
|b [Health World Co.],
|c [1986]-
|
| 310 |
|
|
|a Bimonthly,
|b <May-June 1989->
|
| 321 |
|
|
|a Quarterly,
|b 1986-
|
| 362 |
0 |
|
|a Vol. 1, no. 1 (fall 1986)-
|
| 500 |
|
|
|a Title from cover.
|
| 500 |
|
|
|a At head of title: New Editions, <June 1994->
|
| 500 |
|
|
|a Published: Burlingame, Calif. : Health World Inc., <May-June 1989->
|
| 500 |
|
|
|a Publisher: New Editions, <June 1994->
|
| 506 |
|
|
|a License restrictions may limit access.
|
| 588 |
|
|
|a Latest issue consulted: July/Aug. 1995.
|
| 650 |
|
0 |
|a Alternative medicine
|v Periodicals.
|
| 650 |
|
0 |
|a Holistic medicine
|v Periodicals.
|
| 650 |
|
0 |
|a Herbs
|x Therapeutic use
|v Periodicals.
|
| 650 |
|
2 |
|a Complementary Therapies.
|
| 650 |
|
2 |
|a Holistic Health.
|
| 650 |
|
2 |
|a Phytotherapy.
|
| 650 |
|
7 |
|a Alternative medicine.
|2 fast
|0 (OCoLC)fst00806153
|
| 650 |
|
7 |
|a Herbs
|x Therapeutic use.
|2 fast
|0 (OCoLC)fst00955386
|
| 650 |
|
7 |
|a Holistic medicine.
|2 fast
|0 (OCoLC)fst00958777
|
| 655 |
|
0 |
|a Electronic journals.
|
| 780 |
0 |
0 |
|t Holistic health
|x 0882-8148
|w (DLC)sn 85007806
|w (OCoLC)11985128
|
| 850 |
|
|
|a DNLM
|
| 856 |
4 |
0 |
|z Full text available from Research Library: 01/01/1996 to 07/31/1996
|u https://search.proquest.com/publication/32018
|